000 00432nam a2200193Ia 4500
008 170918s9999 xx 000 0 und d
020 _a590400061
050 _bL763 1970
100 _aLionni, Leo
245 _aFish is fish /
245 _cLeo Lionni.
260 _aNew York :
260 _bScholastic,
260 _c1970
300 _aunpaged :
300 _bcolored illustration ;
300 _c23cm.
500 _a690
999 _c341758
_d341758